000 00273nam a2200097Ia 4500
082 _a323.168 MZAM
245 0 _aChildren of paradise
100 _a Mzamane, Mbulelo, Scottsville, South Africa, 2011
_947911
942 _cBK
008 210817s9999 xx 000 0 und d
999 _c156311
_d156310